| 000 | 00655nam a22001817a 4500 | ||
|---|---|---|---|
| 008 | 160502b xxu||||| |||| 00| 0 eng d | ||
| 020 | _a9718961011 | ||
| 082 |
_22014 _aDFil 363.2076 _bF39 |
||
| 100 |
_97228 _aFernandez, Buenaventura B. |
||
| 245 |
_aPhilippine national police examination reviewer/ _cBuenaventura B. Fernandez |
||
| 260 |
_aManila: _bA.V.B. Printing Press, _cc2014. |
||
| 300 |
_axxiii, 347 pages: _billustrations; _c22.5 cm. |
||
| 650 | 0 |
_97226 _aPolice _xExaminations _zPhilippines |
|
| 650 | 0 |
_97227 _aPhilippine National Police _vExaminations |
|
| 700 |
_97229 _aBusto, Arellano V. _eAuthor |
||
| 365 |
_b564.25 _cPhp. |
||
| 942 |
_2ddc _cDFIL |
||
| 999 |
_c2212 _d2212 |
||